00211nam a2200073Ia 4500008004100000100002100041245005300062260002200115190216s9999||||xx |||||||||||||| ||und|| aWilliam A Prayar 0aSothanthra Radical Resathanthrathil Oru Mukavura bKerala Basha Inst